02254namaa2200409uu 4500001001000000003000600010005001700016006001900033007001500052008004100067020001800108040001700126041000800143042000700151072001500158720002300173245007800196260002700274300003100301336002600332337002600358338003600384506005100420520097900471540006301450546001201513650003901525653001401564653001701578653000901595653001801604653001901622720003201641720003201673720002301705856011601728doab33095oapen20260305123945.0m o d cr|mn|---annan210210s2018 xx |||||o ||| 0|eng d a9781315295770 aoapencoapen0 aeng adc 7aJH2bicssc1 aMatras, Yaron4edt00aOpen Borders, Unlocked CulturesbRomanian Roma Migrants in Western Europe bTaylor & Francisc2018 a1 online resource (192 p.) atextbtxt2rdacontent acomputerbc2rdamedia aonline resourcebcr2rdacarrier0 aFree-to-readfUnrestricted online access2star aThe book examines some of the dilemmas surrounding Europe's open borders, migrations, and identities through the prism of the Roma - Europe's most dispersed and socially marginalised population. The volume challenges some of the myths surrounding the Roma as a 'problem population', and places the focus instead on the context of European policy and identity debates. It comes to the conclusion that the migration of Roma and the constitution of their communities is shaped by European policy as much as, and often more so, than by the cultural traits of the Roma themselves. The chapters compare case studies of Roma migrants in Spain, Italy, France, and Britain and the impact of migration on the origin communities in Romania. The study combines historical and ethnographic methods with insights from migration studies, drawing on a unique multi-site collaborative project that for the first time gave Roma participants a voice in shaping research into their communities. aAll rights reserveduhttp://oapen.org/content/about-rights aEnglish 7aSociology and anthropology2bicssc aMigration aOpen borders aRoma aRomanian Roma aWestern Europe1 aLeggio, Daniele Viktor4edt1 aLeggio, Daniele Viktor4oth1 aMatras, Yaron4oth40uhttps://directory.doabooks.org/handle/20.500.12854/3309570zFree-to-read: DOAB: description of the publication